<?xml version="1.0" encoding="UTF-8"?>
<record
    xmlns:xsi="http://www.w3.org/2001/XMLSchema-instance"
    xsi:schemaLocation="http://www.loc.gov/MARC21/slim http://www.loc.gov/standards/marcxml/schema/MARC21slim.xsd"
    xmlns="http://www.loc.gov/MARC21/slim">

  <leader>00473nam a22001577a 4500</leader>
  <controlfield tag="008">240526b        |||||||| |||| 00| 0 eng d</controlfield>
  <datafield tag="020" ind1=" " ind2=" ">
    <subfield code="a">9789937162869</subfield>
  </datafield>
  <datafield tag="082" ind1=" " ind2=" ">
    <subfield code="a">N929.1/Kh125t</subfield>
  </datafield>
  <datafield tag="100" ind1=" " ind2=" ">
    <subfield code="a">Khagendra Dhananjaya</subfield>
  </datafield>
  <datafield tag="241" ind1=" " ind2=" ">
    <subfield code="a">Thar prabar ra gotra sabdawali</subfield>
  </datafield>
  <datafield tag="245" ind1=" " ind2=" ">
    <subfield code="a">&#x925;&#x930; &#x92A;&#x94D;&#x930;&#x935;&#x930; &#x930; &#x917;&#x94B;&#x924;&#x94D;&#x930; &#x936;&#x92C;&#x94D;&#x926;&#x93E;&#x935;&#x932;&#x940;</subfield>
  </datafield>
  <datafield tag="260" ind1=" " ind2=" ">
    <subfield code="a">Kathmandu:</subfield>
    <subfield code="b">Tulsa Karbir Trust,</subfield>
    <subfield code="c">2080BS.</subfield>
  </datafield>
  <datafield tag="300" ind1=" " ind2=" ">
    <subfield code="b">vii,211p.</subfield>
  </datafield>
  <datafield tag="650" ind1=" " ind2=" ">
    <subfield code="a">Bansawali</subfield>
  </datafield>
  <datafield tag="942" ind1=" " ind2=" ">
    <subfield code="2">ddc</subfield>
    <subfield code="c">ISBN</subfield>
  </datafield>
  <datafield tag="999" ind1=" " ind2=" ">
    <subfield code="c">113425</subfield>
    <subfield code="d">113413</subfield>
  </datafield>
  <datafield tag="952" ind1=" " ind2=" ">
    <subfield code="0">0</subfield>
    <subfield code="1">0</subfield>
    <subfield code="2">ddc</subfield>
    <subfield code="4">0</subfield>
    <subfield code="7">0</subfield>
    <subfield code="a">TUCL</subfield>
    <subfield code="b">TUCL</subfield>
    <subfield code="d">2024-05-26</subfield>
    <subfield code="l">0</subfield>
    <subfield code="o">N929.1/Kh125t</subfield>
    <subfield code="p">IS31166</subfield>
    <subfield code="r">2024-05-26 12:07:57</subfield>
    <subfield code="w">2024-05-26</subfield>
    <subfield code="y">ISBN</subfield>
  </datafield>
  <datafield tag="952" ind1=" " ind2=" ">
    <subfield code="0">0</subfield>
    <subfield code="1">0</subfield>
    <subfield code="2">ddc</subfield>
    <subfield code="4">0</subfield>
    <subfield code="7">0</subfield>
    <subfield code="a">TUCL</subfield>
    <subfield code="b">TUCL</subfield>
    <subfield code="d">2024-05-26</subfield>
    <subfield code="l">0</subfield>
    <subfield code="o">N929.1/Kh125t</subfield>
    <subfield code="p">IS31167</subfield>
    <subfield code="r">2024-05-26 12:07:57</subfield>
    <subfield code="w">2024-05-26</subfield>
    <subfield code="y">ISBN</subfield>
  </datafield>
  <datafield tag="952" ind1=" " ind2=" ">
    <subfield code="0">0</subfield>
    <subfield code="1">0</subfield>
    <subfield code="2">ddc</subfield>
    <subfield code="4">0</subfield>
    <subfield code="7">0</subfield>
    <subfield code="a">TUCL</subfield>
    <subfield code="b">TUCL</subfield>
    <subfield code="c">NB</subfield>
    <subfield code="d">2024-05-26</subfield>
    <subfield code="l">0</subfield>
    <subfield code="o">N929.1/Kh125t</subfield>
    <subfield code="p">167986</subfield>
    <subfield code="r">2024-05-26 17:04:00</subfield>
    <subfield code="w">2024-05-26</subfield>
    <subfield code="y">GEN</subfield>
  </datafield>
  <datafield tag="952" ind1=" " ind2=" ">
    <subfield code="0">0</subfield>
    <subfield code="1">0</subfield>
    <subfield code="2">ddc</subfield>
    <subfield code="4">0</subfield>
    <subfield code="7">0</subfield>
    <subfield code="a">TUCL</subfield>
    <subfield code="b">TUCL</subfield>
    <subfield code="c">NB</subfield>
    <subfield code="d">2024-05-26</subfield>
    <subfield code="l">0</subfield>
    <subfield code="o">N929.1/Kh125t</subfield>
    <subfield code="p">167987</subfield>
    <subfield code="r">2024-05-26 17:04:00</subfield>
    <subfield code="w">2024-05-26</subfield>
    <subfield code="y">ISBN</subfield>
  </datafield>
</record>
